| 000 | 00761nam a22002057a 4500 | ||
|---|---|---|---|
| 999 |
_c1250 _d1250 |
||
| 003 | AR-CdUCM | ||
| 008 | 190226b ||||| |||| 00| 0 spa d | ||
| 040 |
_aMUNICIPALIDAD PROVINCIAL DEL CUSCO _cBIBLIOTECA MUNICIPAL DEL CUSCO |
||
| 082 |
_a300 / _b F89 |
||
| 100 |
_aFuenzalida, Fernando _943 |
||
| 245 | _aCiencias sociales / | ||
| 260 |
_aPerú : _bStudium SA, |
||
| 300 |
_a409 paginas ; _c16 cm. |
||
| 505 | _aLas ciencias sociales y sus interrelaciones --Modelos de sociedades en el análisis sociológico --Conceptos fundamentales de las ciencias sociales --Las ideas fundamentales de la sociología ... | ||
| 650 |
_aSociedad _953 |
||
| 650 |
_aOrganizacion _94866 |
||
| 650 |
_aDesarrollo _92021 |
||
| 942 |
_2ddc _cLIBROS |
||
| 945 |
_arjall _d2019-02-26 |
||